000 00185 a2200097 4500
020 _a0590956108
041 _aspa
100 _aYaccarino, Dan
245 _aZoom, Zoom, Zoom
942 _cBK
999 _c26916
_d26916